| 000 | 00638nam a2200229Ia 4500 | ||
|---|---|---|---|
| 003 | OSt | ||
| 005 | 20220926044144.0 | ||
| 006 | a|||||r|||| 00| 0 | ||
| 007 | ta | ||
| 008 | 220923b |||||||| |||| 00| 0 eng d | ||
| 037 | _cGeneral Book | ||
| 040 |
_aRTL _cRTL _beng |
||
| 041 |
_2eng _aeng |
||
| 082 | _a2:97, K6 | ||
| 100 |
_aWilson Fla T D _9348576 |
||
| 245 | 0 |
_aDissemination of information _b An examination guide |
|
| 260 | _c1966 | ||
| 650 |
_aLibrary Sicence _9231926 |
||
| 700 |
_a Stephenson Fla J _9348577 |
||
| 942 |
_h2:97, K6 _cGB _2CC |
||
| 999 |
_c674075 _d674075 |
||